| 000 | 00641nam a2200205 u 4500 | ||
|---|---|---|---|
| 005 | 20240228064224.0 | ||
| 008 | 151110s2009 r 000 0 eng d | ||
| 020 | _a9788493650452 | ||
| 035 | _aUPN01000206668 | ||
| 049 | _aI | ||
| 050 | 4 |
_aPZ7 _bA8.2 |
|
| 100 | 1 |
_aAtwood, Margaret Eleanor, _d1939- _938160 |
|
| 245 | 1 | 0 |
_aArriba en el árbol / _cMargaret Atwood ; tr. de Miguel Azaola. |
| 260 |
_aBarcelona, Esp. : _bEkaré, _c2009. |
||
| 300 |
_a[36] p. : _bil. |
||
| 534 |
_pTítulo original : _tUp in the tree |
||
| 650 | 4 |
_aLITERATURA INFANTIL CANADIENSE _915516 |
|
| 650 | 4 |
_aLibros y lectura para niños _92290 |
|
| 905 | _aInfantil | ||
| 999 |
_c178769 _d178769 |
||